000 00334nam a22001577a 4500
003 SGT
082 _a611
_bM16S
100 _aSADLER, T.W
245 _aMEDICAL EMBRYOLOGY
250 _a12TH
260 _aDELHI
_bWOLTERS KLUWER
_c2016
300 _a384
650 _aEMBRYOLOGY
653 _aANATOMY ,EMBRYOLOGY
942 _2ddc
_cBK
_013
999 _c8276
_d8276